Inženernyje osnovy sozdanija technologičeskich lazerov : 2 kn /
Saved in:
| Main Authors: | , |
|---|---|
| Format: | Book |
| Language: | Russian |
| Published: |
Moskva :
Vyšča škola,
1988
|
| Tags: |
No Tags, Be the first to tag this record!
|
MARC
| LEADER | 00000nam a22000003a 4500 | ||
|---|---|---|---|
| 001 | stu3195 | ||
| 005 | 20150617225615.7 | ||
| 008 | 930301s1988----xxr-----------------rus-d | ||
| 040 | |a STU |b slo | ||
| 041 | 0 | |a rus | |
| 044 | |a xxr | ||
| 080 | |a 621.375.826 |7 stu_us_auth*stu9916 | ||
| 100 | 1 | |a Golubev, Vladimir S |4 aut | |
| 245 | 1 | |a Inženernyje osnovy sozdanija technologičeskich lazerov : |b 2 kn / |c [aut.] Golubev,V.S.; Lebedev,F.V | |
| 260 | |a Moskva : |b Vyšča škola, |c 1988 | ||
| 300 | |a 174 s | ||
| 700 | 1 | |a Lebedev, F.V |4 aut | |
| 996 | |b E67663 |c E*67663 |l EE10 |s P |a 0 |w stu3195_0001 | ||